La nulidad procesal en el Derecho Procesal Civil chileno: técnica protectora de los derechos y garantías de las partes y terceros técnicos
Gorde:
| Egile nagusia: | |
|---|---|
| Formatua: | Ezezaguna |
| Hizkuntza: | ingelesa |
| Argitaratua: |
Valencia, España
Tirant lo Blanch
2019
|
| Saila: | Tratados
|
| Gaiak: | |
| Etiketak: |
Etiketa erantsi
Etiketarik gabe, Izan zaitez lehena erregistro honi etiketa jartzen!
|
MARC
| LEADER | 00000 a2200000 4500 | ||
|---|---|---|---|
| 003 | CL-VaPUC | ||
| 005 | 20210528002015.0 | ||
| 008 | 200403b ||||| |||| 00| 0 eng d | ||
| 999 | |c 423198 |d 423196 | ||
| 020 | |a 9788413361239 | ||
| 040 | |c Pontificia Universidad Católica de Valparaíso | ||
| 082 | 0 | 4 | |2 21 |a 347.8305 CAR 2019 |
| 100 | 1 | |a Carrasco Poblete, Jaime |9 814270 | |
| 245 | 1 | 3 | |a La nulidad procesal en el Derecho Procesal Civil chileno: técnica protectora de los derechos y garantías de las partes y terceros técnicos |
| 260 | 3 | |b Tirant lo Blanch |c 2019 |a Valencia, España | |
| 300 | |a 657 páginas | ||
| 490 | 0 | |a Tratados | |
| 583 | |k Hugo Gaete |c 20200403 | ||
| 650 | 1 | 0 | |a Derecho procesal civil |9 258071 |
| 650 | 1 | 0 | |a Procedimiento civil |9 254870 |
| 942 | |2 ddc |c BK | ||
| 952 | |0 0 |1 0 |2 ddc |4 0 |6 347_830500000000000_CAR_2019 |7 0 |9 562217 |a BIBDER |b BIBDER |d 2020-04-01 |e 22 |g 44500.00 |i 5575303 |l 3 |o 347.8305 CAR 2019 |p 5575303 |q 2024-11-29 |r 2024-10-21 |s 2024-10-21 |t 1 |v 44500.00 |w 2020-04-01 |y BK |k DER | ||